00499nam a2200205Ia 4500008004100000020001800041050001600059100001900075245001300094245002600107245002300133260001300156260001900169260000900188300001500197300002000212300001000232300004300242440000800285170918s9999 xx 000 0 und d a9781408312964 bM482pr 2011 aMeadows, Daisy aElisa :  bthe adventure fairy / cby Fdaisy Meadows. aLondon : bOrchard Books, c2011 a73 pages : billustrations ; c19cm. eRainbow magic : the princess fairies ; a109